000 00411cam a2200169 4500
001 D12328
008 090401t1955 xxu||||| |||| 00| 0 eng d
035 _a(Sirsi) u2663
041 _aeng
110 _aUniversity of Cambridge Department of Estate Management
_9249
245 _aEstate Incomes
260 _aCambridge
_bCUP
_c1955
350 _a0
520 _aShelf 152
942 _n0
948 _c04/03/1997
999 _c85796
_d85796